Statistics for Redheads on screen

Click here to take the quiz!

General Stats

  • This quiz has been taken 35 times
  • The average score is 9 of 15

Answer Stats

HintAnswer% Correct
A precocious, strong and lovable girl with long surname, Pippi _____________Longstocking
93%
Played the wife of a Cuban bandleader on an early TV sitcomLucille Ball
86%
"To Die For" star was married to Tom Cruise throughout the 1990sNicole Kidman
79%
Comic who's worked with Gene Simmons, Criss Angel, Pauly Shore, George LopezCarrot Top
66%
Glamorous "Gilligan's Island" movie starGinger
66%
Female star of "The X-Files"Gillian Anderson
66%
Teen Choice Awards, "I Know Who Killed Me" & several rehab centersLindsay Lohan
62%
High school valedictorian & friend of the FonzRichie Cunningham
55%
She won Golden Globes for "Rosemary's Baby" and "Broadway Danny Rose"Mia Farrow
55%
Started on "The Partridge Family", beat substance abuse, now a radio personalityDanny Bonaduce
55%
Nervous but comical friend of Richie & PotsieRalph Malph
48%
"Danger prone" member of Scooby Doo gangDaphne
48%
Filmmaker born Allan S. KonigsbergWoody Allen
48%
Eric Forman on "That 70s Show" and Venom in "Spider Man 3"Topher Grace
45%
Denzel Washington played him in 1992 movieMalcolm X
41%

Score Distribution

Percentile by Number Answered

Percent of People with Each Score

Your Score History

You have not taken this quiz